|
|
|
|
| LEADER |
00000nam a2200000 a 4500 |
| 001 |
vtls001435769 |
| 003 |
SK-MaSNL |
| 005 |
20260301202838.0 |
| 008 |
251113s2001 xo a r slo |
| 015 |
|
|
|a SNBA2002/09-02890
|
| 020 |
|
|
|a 8096835491
|
| 035 |
|
|
|a SNK000390859
|
| 035 |
|
|
|a urn:nbn:sk:snk-amlu3g
|
| 035 |
|
|
|a urn:nbn:sk:snk-am00cdo2
|
| 035 |
|
|
|a 205BF06D-13D7-4514-B2BA-B2C4592FC3F2
|
| 040 |
|
|
|a SNK
|b slo
|c SNK
|e AACR2
|
| 041 |
0 |
|
|a slo
|
| 044 |
|
|
|a xo
|c SK
|
| 080 |
|
|
|a 22(087.5)
|2 1981
|
| 130 |
1 |
0 |
|a On the way for 3-9s
|l Slovensky
|9 585490
|
| 245 |
0 |
|
|a Veľká kniha nápadov a hier
|b narodenie Ježiša a Jeho zázraky : sprievodca kresťanskou vierou
|c [učebný materiál pripravili Thalia Blundell ... [et al.] ; z anglického originálu preložila Eva Bogdanová ; ilustrácie Ben Desmond]
|
| 260 |
|
|
|a Bratislava
|b Porta libri
|c 2001
|
| 300 |
|
|
|a 90 s.
|b ilustr.
|c 29 cm
|
| 490 |
1 |
|
|a Kľúčik
|
| 500 |
|
|
|a Údaj o zost., prekl. a ilustr. prevzatý z rubu tit. strany
|
| 521 |
|
|
|a Vek 3-9
|
| 600 |
0 |
|
|a Ježiš Kristus
|x príbehy biblické
|x nápady a hry
|2 SNK
|9 585491
|
| 650 |
0 |
7 |
|a príbehy biblické
|x nápady a hry
|2 SNK
|9 585492
|
| 655 |
|
7 |
|a príručky
|2 SNK
|9 74364
|
| 700 |
1 |
|
|a Bogdanová, Eva
|4 trl
|9 389342
|
| 700 |
1 |
|
|a Desmond, Ben
|4 ill
|9 585493
|
| 700 |
1 |
|
|a Blundell, Thalia
|4 com
|4 aut
|9 585494
|
| 700 |
1 |
|
|a James, David
|4 com
|4 aut
|9 585495
|
| 700 |
1 |
|
|a James, Christine
|4 com
|4 aut
|9 585496
|
| 700 |
1 |
|
|a Blundell, Trevor
|4 com
|4 aut
|9 585497
|
| 700 |
1 |
|
|a Bristow, Hazel
|4 com
|4 aut
|9 585498
|
| 700 |
1 |
|
|a Farrell, Julie
|4 com
|4 aut
|9 585499
|
| 700 |
1 |
|
|a Gemmill, Annie
|4 com
|4 aut
|9 585500
|
| 700 |
1 |
|
|a Levett, Debbie
|4 com
|4 aut
|9 585501
|
| 730 |
|
|
|t On the way for 3-9s
|9 585502
|
| 830 |
|
0 |
|a Kľúčik
|9 300066
|
| 919 |
|
|
|a 80-968354-9-1
|
| 958 |
|
|
|a TL
|
| 958 |
|
|
|a OP
|
| 958 |
|
|
|a NS
|
| 958 |
|
|
|a NT
|
| 968 |
|
|
|b ENG
|
| 999 |
|
|
|c 900387
|d 902317
|
| 952 |
|
|
|t P60, <03>, [BOOK], {603}
|a SNK
|b SNK
|y PREZ
|7 0
|p 17A0347779
|o snkSB 65150
|i snkKSP 7442/2002
|0 0
|1 0
|4 0
|d 2002-06-12
|f 1
|l 0
|r 2017-06-30 00:00:00
|w 2026-02-24
|
| 952 |
|
|
|t P60, <04>, [BOOK], {604}
|a SNK
|b SNK
|y VYP
|7 0
|p 17A0347780
|o snkSB 65150 D1
|i snkKSP 7443/2002
|0 0
|1 0
|4 0
|d 2002-06-12
|l 0
|r 2005-01-02 00:00:00
|w 2026-02-24
|